000 00890nam a2200289Ia 4500
001 G5201
003 IT-RoPAU
008 130308s9999 xx 000 0 und d
040 _aIT-RoPAU
040 _cIT-RoPAU
041 _aITALIANO
100 _aBazzoli Maria Silvia
100 _gCodice Aut. SPICS: 53197
245 _aTutte le sfumature del grigio. Le molteplici storie dei cinema meticci
245 _bCinema Europeo del metissage (Il)
250 _a1a ed.
260 _aFIRENZE
260 _bIl Castoro
260 _c2000 [1° Ed.:2000 - Ed.Ling.Originale:2000]
300 _a"12 p. (prefazione: no ; testo: 12 [pagine: 77-88])"
500 _aRidefinizione di Se'. Nomi dei Cinema Meticci. Padri, Madri, Figli e Figlie dei Cinema Meticci.
650 _aGENERI CINEMATOGRAFICI
650 _eCodice materia Spics: 6810
942 _cBK
957 _71
999 _c83736
_d83736
999 _g1